[Event "SLO-chT2 West"]
[Site "Komenda"]
[Date "2019.12.01"]
[Round "8.1"]
[White "Bajzelj, Primoz"]
[Black "Olenik Campa, Rudi"]
[Result "1/2-1/2"]
[WhiteElo "2062"]
[BlackElo "1997"]
[PlyCount "65"]
[EventDate "2019.11.15"]
[EventType "team-tourn"]
[EventRounds "9"]
[EventCountry "SLO"]
[SourceTitle "EXT 2024"]
[Source "ChessBase"]
[SourceDate "2023.10.10"]
[SourceVersion "1"]
[SourceVersionDate "2023.10.10"]
[SourceQuality "1"]
[WhiteTeam "Radovljica"]
[BlackTeam "Domzale Tajfun II"]
[WhiteTeamCountry "SLO"]
[BlackTeamCountry "SLO"]

1. d4 Nf6 2. Nf3 g6 3. Bg5 Bg7 4. Nbd2 d5 5. e3 0-0 6. c4 c6 7. Bd3 h6 8. Bh4 Nbd7 9. h3 Qe8 10. 0-0 g5 11. Bg3 Nh5 12. Bc7 f5 13. cxd5 cxd5 14. Qc2 e6 15. Bd6 Rf7 16. Ne5 Bxe5 17. dxe5 Rg7 18. g4 Nf4 19. exf4 gxf4 20. f3 Qh5 21. Kh2 Qh4 22. Rg1 fxg4 23. fxg4 Qf2+ 24. Rg2 Qe3 25. Nf1 Qd4 26. Qc3 Qb6 27. Rc1 f3 28. Rd2 h5 29. Qxc8+ Rxc8 30. Rxc8+ Kf7 31. Rc7 Kg8 32. Rc8+ Kf7 33. Rc7 1/2-1/2

[Event "SLO-chT2 West"]
[Site "Komenda"]
[Date "2019.11.16"]
[Round "2.1"]
[White "Bajzelj, Primoz"]
[Black "Mlacnik, Franc"]
[Result "0-1"]
[WhiteElo "2062"]
[BlackElo "1991"]
[PlyCount "26"]
[EventDate "2019.11.15"]
[EventType "team-tourn"]
[EventRounds "9"]
[EventCountry "SLO"]
[SourceTitle "EXT 2024"]
[Source "ChessBase"]
[SourceDate "2023.10.10"]
[SourceVersion "1"]
[SourceVersionDate "2023.10.10"]
[SourceQuality "1"]
[WhiteTeam "Radovljica"]
[BlackTeam "Prevodi Dvojka"]
[WhiteTeamCountry "SLO"]
[BlackTeamCountry "SLO"]

1. d4 f5 2. c4 Nf6 3. Nf3 e6 4. Nc3 Bb4 5. Qb3 a5 6. g3 b6 7. Bg2 Bb7 8. Bg5 0-0 9. 0-0 Bxc3 10. Qxc3 Qe8 11. Rad1 Qh5 12. Bxf6 Rxf6 13. d5 exd5 0-1

[Event "SLO-chT2 West"]
[Site "Ljubljana"]
[Date "2014.10.19"]
[Round "5.1"]
[White "Bajzelj, Primoz"]
[Black "Jukan, Nesib"]
[Result "1/2-1/2"]
[WhiteElo "2049"]
[BlackElo "2015"]
[PlyCount "46"]
[EventDate "2014.10.17"]
[EventType "team-tourn"]
[EventRounds "9"]
[EventCountry "SLO"]
[SourceTitle "EXT 2019"]
[Source "ChessBase"]
[SourceDate "2018.10.10"]
[SourceVersion "1"]
[SourceVersionDate "2018.10.10"]
[SourceQuality "1"]
[WhiteTeam "Radovljica"]
[BlackTeam "Trzin"]
[WhiteTeamCountry "SLO"]
[BlackTeamCountry "SLO"]

1. d4 Nf6 2. Nf3 e6 3. Bg5 Be7 4. c4 d5 5. Nc3 c6 6. e3 0-0 7. Bd3 dxc4 8. Bxc4 Nbd7 9. 0-0 b5 10. Bd3 Bb7 11. a3 a5 12. Qe2 h6 13. Bh4 b4 14. Na4 c5 15. Bxf6 Bxf6 16. dxc5 Bxf3 17. gxf3 Rc8 18. Rfd1 Qe7 19. axb4 axb4 20. Rac1 Nxc5 21. Nxc5 Rxc5 22. Rxc5 Qxc5 23. b3 Rd8 1/2-1/2

[Event "SLO-chT2 West"]
[Site "Ljubljana"]
[Date "2013.11.17"]
[Round "9.1"]
[White "Plenca, Julian"]
[Black "Bajzelj, Primoz"]
[Result "1/2-1/2"]
[WhiteElo "2351"]
[BlackElo "2034"]
[PlyCount "101"]
[EventDate "2013.11.08"]
[EventType "team"]
[EventRounds "9"]
[EventCountry "SLO"]
[SourceTitle "EXT 2015"]
[Source "ChessBase"]
[SourceDate "2014.11.20"]
[SourceVersion "1"]
[SourceVersionDate "2014.11.20"]
[SourceQuality "1"]
[WhiteTeam "Stari Trg ob Kolpi"]
[BlackTeam "Radovljica"]
[WhiteTeamCountry "SLO"]
[BlackTeamCountry "SLO"]

1. e4 Nf6 2. e5 Nd5 3. d4 d6 4. Nf3 Bg4 5. h3 Bh5 6. c3 dxe5 7. dxe5 e6 8. Be2 Be7 9. 0-0 0-0 10. Qb3 Qc8 11. c4 Nb6 12. a4 Nc6 13. Bf4 Rd8 14. Nbd2 Nd7 15. Rfe1 Nc5 16. Qc3 a5 17. Bf1 Nb4 18. Bg5 Qd7 19. Bxe7 Qxe7 20. Nd4 Rxd4 21. Qxd4 Nc2 22. Qf4 Nxe1 23. Rxe1 Nxa4 24. Ra1 Qb4 25. Ra3 Nc5 26. Qd4 Bg6 27. h4 Rf8 28. Rh3 Bf5 29. Rg3 b6 30. b3 a4 31. bxa4 Qxa4 32. Qf4 Qd1 33. Qg5 Bg6 34. Rc3 h6 35. Qe3 Rd8 36. Nf3 Bd3 37. Rc1 Qa4 38. Bxd3 Rxd3 39. Qe2 Ra3 40. Kh2 Qd7 41. Rd1 Rd3 42. Ra1 Qc6 43. Ra2 Qe4 44. Qc2 g6 45. Ra1 Re3 46. Qd2 Rxf3 47. Qd8+ Kg7 48. Ra8 Qxe5+ 49. Kg1 Qe1+ 50. Kh2 Qe5+ 51. Kg1 1/2-1/2

[Event "SLO-chT2 West"]
[Site "Ljubljana"]
[Date "2013.11.09"]
[Round "2.1"]
[White "Kersic, Matej"]
[Black "Bajzelj, Primoz"]
[Result "1-0"]
[WhiteElo "2172"]
[BlackElo "2034"]
[PlyCount "85"]
[EventDate "2013.11.08"]
[EventType "team"]
[EventRounds "9"]
[EventCountry "SLO"]
[SourceTitle "EXT 2015"]
[Source "ChessBase"]
[SourceDate "2014.11.20"]
[SourceVersion "1"]
[SourceVersionDate "2014.11.20"]
[SourceQuality "1"]
[WhiteTeam "Stari Mayr Kranj"]
[BlackTeam "Radovljica"]
[WhiteTeamCountry "SLO"]
[BlackTeamCountry "SLO"]

1. e4 Nf6 2. e5 Nd5 3. d4 d6 4. c4 Nb6 5. exd6 exd6 6. Nc3 Be7 7. Be2 Nc6 8. b3 0-0 9. Nf3 Bg4 10. 0-0 Re8 11. Be3 Bxf3 12. Bxf3 Bg5 13. Qd2 Bxe3 14. fxe3 Qg5 15. Rae1 Re7 16. Nd5 Rd7 17. Qf2 Nxd5 18. cxd5 Ne7 19. h4 Qg6 20. e4 Rf8 21. Qd2 h6 22. Kh2 c6 23. dxc6 Nxc6 24. g3 Re7 25. Bg2 Rfe8 26. Rf4 f6 27. Rc1 d5 28. e5 fxe5 29. dxe5 Rxe5 30. Bxd5+ Kh8 31. Bg2 Re3 32. Qf2 Re2 33. Qf3 R8e3 34. Rf8+ Kh7 35. Qf4 Ne5 36. Rcc8 Ng4+ 37. Kh3 Qe6 38. Qxg4 Qxg4+ 39. Kxg4 Rxg2 40. Rh8+ Kg6 41. h5+ Kf6 42. Rhf8+ Ke5 43. Rfe8+ 1-0

[Event "SLO-chT2 West"]
[Site "Ljubljana"]
[Date "2012.10.21"]
[Round "5.1"]
[White "Janzelj, Tim"]
[Black "Bajzelj, Primoz"]
[Result "1-0"]
[WhiteElo "2247"]
[BlackElo "2049"]
[PlyCount "44"]
[EventDate "2012.10.19"]
[EventType "team-tourn"]
[EventRounds "9"]
[EventCountry "SLO"]
[SourceTitle "EXT 2022"]
[Source "ChessBase"]
[SourceDate "2021.10.06"]
[SourceVersion "1"]
[SourceVersionDate "2021.10.06"]
[SourceQuality "1"]
[WhiteTeam "Ig"]
[BlackTeam "Radovljica"]
[WhiteTeamCountry "SLO"]
[BlackTeamCountry "SLO"]

1. d4 Nf6 2. c4 e6 3. Nf3 d5 4. cxd5 exd5 5. Nc3 Be7 6. Bg5 Nbd7 7. e3 h6 8. Bf4 c6 9. h3 0-0 10. Bd3 Re8 11. Qc2 a6 12. g4 Nf8 13. 0-0-0 N6h7 14. Rdg1 Ng5 15. Ne5 Nge6 16. h4 Bxh4 17. Bxh6 Nxd4 18. exd4 gxh6 19. g5 Bxg5+ 20. f4 f6 21. Rxh6 Kg7 22. Qh2 Kg8 1-0

[Event "SLO-chT2 West"]
[Site "Ljubljana"]
[Date "2012.10.20"]
[Round "3.1"]
[White "Markoja, Sebastijan"]
[Black "Bajzelj, Primoz"]
[Result "1-0"]
[WhiteElo "2048"]
[BlackElo "2049"]
[PlyCount "120"]
[EventDate "2012.10.19"]
[EventType "team-tourn"]
[EventRounds "9"]
[EventCountry "SLO"]
[SourceTitle "EXT 2022"]
[Source "ChessBase"]
[SourceDate "2021.10.06"]
[SourceVersion "1"]
[SourceVersionDate "2021.10.06"]
[SourceQuality "1"]
[WhiteTeam "Komenda SK II"]
[BlackTeam "Radovljica"]
[WhiteTeamCountry "SLO"]
[BlackTeamCountry "SLO"]

1. e4 Nf6 2. e5 Nd5 3. d4 d6 4. c4 Nb6 5. exd6 exd6 6. Nc3 Be7 7. Qf3 Nc6 8. Be3 0-0 9. 0-0-0 Bg5 10. Nh3 Bxe3+ 11. fxe3 Qh4 12. Nf2 a6 13. Bd3 Nb4 14. Be2 Nc6 15. g4 f5 16. Qg2 fxg4 17. Rhf1 Bd7 18. c5 Nc8 19. Nxg4 N8e7 20. Ne4 Nf5 21. Rf4 Qe7 22. Rdf1 Kh8 23. Bd3 Nh4 24. Qg3 Ng6 25. Rxf8+ Rxf8 26. Rxf8+ Nxf8 27. h3 dxc5 28. Nxc5 Bc8 29. Qf3 Nb4 30. a3 Nxd3+ 31. Nxd3 Bxg4 32. hxg4 c6 33. Ne5 Kg8 34. Kc2 Ne6 35. Qf5 g6 36. Qd3 Qd6 37. Qb3 Qe7 38. Kb1 Kg7 39. Qc3 Qf6 40. Nd7 Qf1+ 41. Ka2 Kf7 42. Ne5+ Kg7 43. Qb4 Ng5 44. Qxb7+ Nf7 45. g5 Qf5 46. Qxf7+ Qxf7+ 47. Nxf7 Kxf7 48. Kb1 h5 49. gxh6 g5 50. Kc2 g4 51. Kd2 g3 52. Ke2 Kg6 53. Kf3 g2 54. Kxg2 Kxh6 55. Kf3 Kg5 56. e4 a5 57. b3 Kf6 58. Ke3 Kg5 59. Kd3 Kf4 60. e5 Kf5 1-0

[Event "SLO-chT3 West"]
[Site "Kranj"]
[Date "2010.11.20"]
[Round "4.1"]
[White "Sindicic, Branko"]
[Black "Bajzelj, Primoz"]
[Result "0-1"]
[WhiteElo "1927"]
[BlackElo "2021"]
[PlyCount "100"]
[EventDate "2010.11.19"]
[EventType "team-swiss"]
[EventRounds "5"]
[EventCountry "SLO"]
[SourceTitle "EXT 2022"]
[Source "ChessBase"]
[SourceDate "2021.10.06"]
[SourceVersion "1"]
[SourceVersionDate "2021.10.06"]
[SourceQuality "1"]
[WhiteTeam "Podpec MKK"]
[BlackTeam "Radovljica"]
[WhiteTeamCountry "SLO"]
[BlackTeamCountry "SLO"]

1. Nf3 Nf6 2. d4 d5 3. Bf4 e6 4. e3 Be7 5. Bd3 Nbd7 6. h3 c5 7. c3 a6 8. 0-0 b5 9. a4 c4 10. Bc2 Bb7 11. Nbd2 0-0 12. Re1 Ne4 13. Nxe4 dxe4 14. Nd2 f5 15. b3 Bd5 16. Qe2 Rc8 17. axb5 axb5 18. bxc4 bxc4 19. Ra7 Nb6 20. Rb1 Bd6 21. Bxd6 Qxd6 22. Ra6 Rc6 23. f3 Nc8 24. Ra5 Qc7 25. Rba1 exf3 26. gxf3 Qg3+ 27. Qg2 Qh4 28. Kh2 Rf6 29. Qg3 Qh6 30. Qf2 Rb6 31. R5a2 Qh5 32. Rg1 Rh6 33. Rg3 f4 34. exf4 Ne7 35. Qg2 Kf8 36. Rg5 Qf7 37. Qg4 Rf6 38. Kg3 Nf5+ 39. Kf2 h6 40. Rh5 g6 41. Rh4 Nxh4 42. Qxh4 Kg7 43. Bd1 Qb7 44. Ke3 Ra6 45. Rc2 Rb6 46. Ne4 Bxe4 47. fxe4 Rb2 48. e5 Rf7 49. Qf2 Rxc2 50. Bxc2 Qh1 0-1